Normal view
MARC view
Entry Personal Name
001 - CONTROL NUMBER
- control field: 15656
003 - CONTROL NUMBER IDENTIFIER
- control field: OSt
005 - DATE AND TIME OF LATEST TRANSACTION
- control field: 20220124162911.0
008 - FIXED-LENGTH DATA ELEMENTS
- fixed length control field: 220124|| aca||aabn | a|a d
040 ## - CATALOGING SOURCE
- Original cataloging agency: OSt
- Transcribing agency: OSt
100 ## - HEADING--PERSONAL NAME
- Personal name: Jackson,Scott M: LeeT. Nesbitt
670 ## - SOURCE DATA FOUND
- Source citation: Work cat.: (OSt): Jackson,Scott M: LeeT. Nesbitt, Differential Diagnosis for the Dermatologist., Β©2012
